000 00605nam a22001817a 4500
999 _c62952
_d62952
005 20250328172627.0
008 250328s2006 enk||||| |||| 00| 0 eng d
020 _a9781592575008x
041 _aeng
080 _a159.9 J-74
100 _aJohnston, Joni E.
_924713
245 _aThe Complete Idiot's Guide to Psychology /
_cJoni E. Johnston.
264 _aNew York :
_b‎Alpha,
_c2006.
300 _a435 p.;
_b23 cm.
653 _aფსიქოლოგია
653 _aიდიოტის სრული გზამკვლევი ფსიქოლოგიაში
942 _2udc
_cBK